[Event "D14blitz"]
[Site "?"]
[Date "2020.08.27"]
[Round "13.2"]
[White "Siekanska, Maria"]
[Black "Pawicka, Magdalena"]
[Result "1-0"]
[BlackElo "1597"]
[WhiteElo "1530"]
[LiveChessVersion "1.4.4"]

1. d4 {[%clk 0:03:03]} Nf6 {[%clk 0:03:03]} 2. c4 {[%clk 0:03:05]} e6
{[%clk 0:03:04]} 3. Nc3 {[%clk 0:03:06]} Bb4 {[%clk 0:03:05]} 4. e3
{[%clk 0:03:07]} O-O {[%clk 0:02:58]} 5. Bd3 {[%clk 0:03:08]} c5 {[%clk 0:02:57]}
6. Nf3 {[%clk 0:03:00]} b6 {[%clk 0:02:49]} 7. O-O {[%clk 0:02:59]} Bxc3
{[%clk 0:02:49]} 8. bxc3 {[%clk 0:03:00]} Bb7 {[%clk 0:02:41]} 9. Re1
{[%clk 0:02:47]} Ne4 {[%clk 0:02:42]} 10. Qc2 {[%clk 0:02:48]} f5
{[%clk 0:02:43]} 11. Nd2 {[%clk 0:02:29]} Qf6 {[%clk 0:02:38]} 12. Re2
{[%clk 0:01:47]} Qg6 {[%clk 0:02:24]} 13. Bxe4 {[%clk 0:01:11]} fxe4
{[%clk 0:02:24]} 14. a4 Rf5 {[%clk 0:01:26]} 15. Nxe4 {[%clk 0:00:37]} Rf8
{[%clk 0:00:04]} 16. Ng3 Qf6 17. e4 {[%clk 0:00:27]} cxd4 {[%clk 0:00:06]} 18.
cxd4 {[%clk 0:00:28]} Qxd4 {[%clk 0:00:05]} 19. Bb2 {[%clk 0:00:28]} Qd6
{[%clk 0:00:04]} 20. Rd1 {[%clk 0:00:25]} Qe7 {[%clk 0:00:06]} 21. Be5
{[%clk 0:00:19]} Qf7 {[%clk 0:00:00]} 1-0

[Event "D14blitz"]
[Site "?"]
[Date "2020.08.27"]
[Round "13.3"]
[White "Rejniak, Zuzanna"]
[Black "Arciszewska, Zuzanna"]
[Result "1/2-1/2"]
[BlackElo "1544"]
[WhiteElo "1587"]
[LiveChessVersion "1.4.4"]

1. e4 {[%clk 0:03:03]} e5 {[%clk 0:03:04]} 2. Nf3 {[%clk 0:03:05]} Nc6 3. Bc4 Bc5
{[%clk 0:03:06]} 4. d3 {[%clk 0:03:06]} Nf6 {[%clk 0:03:07]} 5. O-O
{[%clk 0:03:07]} d6 {[%clk 0:03:09]} 6. c3 a6 7. a4 {[%clk 0:03:06]} h6
{[%clk 0:03:10]} 8. Re1 {[%clk 0:03:04]} O-O {[%clk 0:03:11]} 9. h3
{[%clk 0:03:05]} Be6 {[%clk 0:03:12]} 10. Bxe6 fxe6 11. d4 {[%clk 0:03:01]} exd4
{[%clk 0:03:14]} 12. cxd4 {[%clk 0:03:02]} Ba7 {[%clk 0:03:15]} 13. Nc3
{[%clk 0:02:54]} e5 {[%clk 0:02:48]} 14. dxe5 {[%clk 0:02:40]} Nxe5
{[%clk 0:02:49]} 15. Nxe5 {[%clk 0:02:24]} dxe5 {[%clk 0:02:50]} 16. Be3
{[%clk 0:02:23]} Bd4 {[%clk 0:02:39]} 17. Qb3+ {[%clk 0:02:11]} Kh8
{[%clk 0:02:37]} 18. Rad1 {[%clk 0:02:01]} b6 {[%clk 0:02:30]} 19. Qc4
{[%clk 0:01:47]} c5 {[%clk 0:02:27]} 20. b4 {[%clk 0:01:31]} Bxc3
{[%clk 0:02:16]} 21. Qxc3 {[%clk 0:01:20]} Nxe4 {[%clk 0:02:14]} 22. Qxe5
{[%clk 0:01:16]} Qe8 {[%clk 0:02:15]} 23. Qxe8 {[%clk 0:01:10]} Raxe8
{[%clk 0:02:15]} 24. bxc5 {[%clk 0:01:10]} Nxc5 25. Bxc5 {[%clk 0:01:07]} bxc5
{[%clk 0:01:58]} 26. Rxe8 {[%clk 0:01:06]} Rxe8 {[%clk 0:01:59]} 27. Rc1
{[%clk 0:01:07]} Re4 {[%clk 0:01:41]} 28. a5 {[%clk 0:01:02]} c4 {[%clk 0:01:41]}
29. Rc3 {[%clk 0:00:59]} Re5 {[%clk 0:01:30]} 30. Rxc4 {[%clk 0:00:59]} Rxa5
{[%clk 0:01:31]} 31. Rc8+ {[%clk 0:00:59]} Kh7 {[%clk 0:01:32]} 32. Ra8
{[%clk 0:01:00]} Ra1+ {[%clk 0:01:31]} 33. Kh2 {[%clk 0:01:01]} a5
{[%clk 0:01:31]} 34. Kg3 {[%clk 0:00:59]} a4 {[%clk 0:01:29]} 35. Kf3
{[%clk 0:00:56]} a3 {[%clk 0:01:29]} 36. Ra6 {[%clk 0:00:34]} a2 {[%clk 0:01:09]}
37. Ke2 {[%clk 0:00:33]} Rg1 {[%clk 0:01:08]} 38. Rxa2 {[%clk 0:00:33]} Rxg2
{[%clk 0:01:08]} 39. Kf3 {[%clk 0:00:32]} Rg6 {[%clk 0:01:08]} 40. Ke4 1/2-1/2

[Event "D14blitz"]
[Site "?"]
[Date "2020.08.27"]
[Round "13.4"]
[White "Janikowska, Wiktoria"]
[Black "Palejko, Maria"]
[Result "1-0"]
[BlackElo "1230"]
[WhiteElo "1314"]
[LiveChessVersion "1.4.4"]

1. e4 {[%clk 0:03:01]} e5 {[%clk 0:03:04]} 2. Nf3 Nf6 3. Nxe5 {[%clk 0:03:03]} d6
{[%clk 0:03:07]} 4. Nf3 {[%clk 0:03:03]} Nxe4 {[%clk 0:03:08]} 5. Qe2
{[%clk 0:03:00]} Qe7 {[%clk 0:03:09]} 6. d3 {[%clk 0:02:58]} Nf6 {[%clk 0:03:11]}
7. Nc3 {[%clk 0:02:55]} Bg4 {[%clk 0:03:07]} 8. Qxe7+ {[%clk 0:02:54]} Bxe7
{[%clk 0:03:08]} 9. Be2 {[%clk 0:02:54]} O-O {[%clk 0:03:09]} 10. h3
{[%clk 0:02:53]} Bh5 {[%clk 0:03:09]} 11. Be3 {[%clk 0:02:50]} Nc6
{[%clk 0:03:09]} 12. a3 {[%clk 0:02:36]} Ne5 {[%clk 0:02:24]} 13. Nxe5
{[%clk 0:02:26]} Bxe2 {[%clk 0:02:21]} 14. Kxe2 {[%clk 0:01:59]} dxe5
{[%clk 0:02:22]} 15. g4 {[%clk 0:01:51]} Nd7 {[%clk 0:02:12]} 16. Nd5
{[%clk 0:01:32]} Bd6 {[%clk 0:02:13]} 17. c4 {[%clk 0:01:29]} c6 {[%clk 0:01:58]}
18. Nc3 {[%clk 0:01:30]} Rae8 {[%clk 0:01:52]} 19. Ne4 {[%clk 0:01:29]} Bc7
{[%clk 0:01:50]} 20. Rhg1 {[%clk 0:01:22]} Re6 {[%clk 0:01:44]} 21. h4
{[%clk 0:01:13]} f5 {[%clk 0:01:38]} 22. gxf5 {[%clk 0:01:09]} Rxf5
{[%clk 0:01:39]} 23. Rg2 {[%clk 0:01:01]} Bd8 {[%clk 0:01:31]} 24. Rag1
{[%clk 0:00:57]} Rf7 {[%clk 0:01:18]} 25. Bg5 {[%clk 0:00:52]} Re8
{[%clk 0:01:16]} 26. Nd6 {[%clk 0:00:51]} Bxg5 {[%clk 0:01:04]} 27. Nxe8
{[%clk 0:00:47]} Bh6 {[%clk 0:00:50]} 28. Nd6 {[%clk 0:00:45]} Rf4
{[%clk 0:00:47]} 29. Rg4 {[%clk 0:00:39]} b6 {[%clk 0:00:30]} 30. Rxf4
{[%clk 0:00:39]} Bxf4 {[%clk 0:00:30]} 31. Nf5 {[%clk 0:00:37]} g6
{[%clk 0:00:18]} 32. Ne7+ {[%clk 0:00:38]} Kf7 {[%clk 0:00:18]} 33. Nxc6
{[%clk 0:00:38]} Ke6 {[%clk 0:00:16]} 34. Nxa7 {[%clk 0:00:38]} Nc5
{[%clk 0:00:14]} 35. b4 {[%clk 0:00:38]} Nd7 {[%clk 0:00:13]} 36. a4
{[%clk 0:00:36]} Kd6 {[%clk 0:00:13]} 37. Nb5+ {[%clk 0:00:37]} Kc6
{[%clk 0:00:14]} 38. Nc3 {[%clk 0:00:38]} Nf6 {[%clk 0:00:10]} 39. Ne4
{[%clk 0:00:37]} Nxe4 {[%clk 0:00:07]} 40. dxe4 {[%clk 0:00:38]} Bh6
{[%clk 0:00:08]} 41. Rd1 {[%clk 0:00:37]} Bf8 {[%clk 0:00:09]} 42. Rb1
{[%clk 0:00:36]} h5 {[%clk 0:00:09]} 43. a5 {[%clk 0:00:37]} Kb7 {[%clk 0:00:05]}
44. axb6 {[%clk 0:00:35]} Kxb6 {[%clk 0:00:06]} 45. Kd3 {[%clk 0:00:36]} Be7
{[%clk 0:00:07]} 46. c5+ {[%clk 0:00:36]} Kb5 {[%clk 0:00:07]} 47. Kc3
{[%clk 0:00:38]} g5 {[%clk 0:00:07]} 48. hxg5 {[%clk 0:00:38]} Bxg5
{[%clk 0:00:09]} 49. Rh1 {[%clk 0:00:39]} h4 {[%clk 0:00:08]} 50. Rh3
{[%clk 0:00:39]} Bf6 {[%clk 0:00:06]} 51. Kb3 {[%clk 0:00:39]} Bg5
{[%clk 0:00:07]} 52. Rd3 {[%clk 0:00:35]} Bf4 {[%clk 0:00:05]} 53. c6
{[%clk 0:00:31]} Kxc6 {[%clk 0:00:06]} 54. Kc4 {[%clk 0:00:32]} Bg5
{[%clk 0:00:05]} 55. Rh3 {[%clk 0:00:33]} Be7 {[%clk 0:00:05]} 56. b5+
{[%clk 0:00:33]} Kb6 {[%clk 0:00:05]} 57. Kd5 {[%clk 0:00:33]} Bf6
{[%clk 0:00:06]} 58. Ke6 {[%clk 0:00:33]} Bd8 {[%clk 0:00:05]} 59. Kxe5
{[%clk 0:00:33]} Kxb5 {[%clk 0:00:06]} 60. Kf5 {[%clk 0:00:33]} Kc5
{[%clk 0:00:06]} 61. e5 {[%clk 0:00:32]} Kc4 {[%clk 0:00:03]} 62. f4
{[%clk 0:00:33]} Kc5 63. e6 {[%clk 0:00:34]} Be7 {[%clk 0:00:04]} 64. Kg6
{[%clk 0:00:34]} Kd6 {[%clk 0:00:04]} 65. Kf7 {[%clk 0:00:35]} Bd8
{[%clk 0:00:04]} 66. f5 {[%clk 0:00:35]} Bg5 {[%clk 0:00:04]} 67. f6
{[%clk 0:00:35]} Ke5 {[%clk 0:00:05]} 68. e7 {[%clk 0:00:36]} Kf4
{[%clk 0:00:05]} 69. e8=Q {[%clk 0:00:35]} Kg4 {[%clk 0:00:05]} 70. Rxh4+
{[%clk 0:00:34]} Bxh4 {[%clk 0:00:04]} 71. Qe4+ {[%clk 0:00:34]} Kh3
{[%clk 0:00:04]} 72. Qf5+ {[%clk 0:00:35]} Kg3 {[%clk 0:00:05]} 73. Qg6+
{[%clk 0:00:35]} Kh2 {[%clk 0:00:05]} 74. Ke6 {[%clk 0:00:35]} Kh1
{[%clk 0:00:04]} 75. f7 {[%clk 0:00:36]} Bg3 {[%clk 0:00:04]} 76. f8=Q
{[%clk 0:00:34]} Bd6 {[%clk 0:00:04]} 77. Qf1+ {[%clk 0:00:33]} Kh2
{[%clk 0:00:04]} 78. Qgg2# {[%clk 0:00:34]} 1-0

[Event "D14blitz"]
[Site "?"]
[Date "2020.08.27"]
[Round "13.5"]
[White "Starosta, Martyna"]
[Black "Giemza, Julia"]
[Result "1-0"]
[BlackElo "1284"]
[WhiteElo "1722"]
[LiveChessVersion "1.4.4"]

1. e4 c5 2. Nf3 e6 3. g3 Nc6 4. Bg2 a6 5. O-O b5 6. d4 cxd4 7. Nxd4 Bb7 8. a4
bxa4 9. Rxa4 Bc5 10. Nb3 Be7 11. Nc3 Nf6 12. e5 Ng8 13. Bf4 Rc8 14. Qg4 Bf8 15.
Ne4 d5 16. exd6 f5 17. Qh3 h6 18. Qh5+ g6 19. Qxg6+ Kd7 20. Nbc5# 1-0

[Event "D14blitz"]
[Site "?"]
[Date "2020.08.27"]
[Round "13.6"]
[White "Tokarz, Izabela"]
[Black "Mroz, Lena"]
[Result "1-0"]
[BlackElo "1609"]
[WhiteElo "1504"]
[LiveChessVersion "1.4.4"]

1. d4 {[%clk 0:03:04]} d5 2. c4 e6 3. Nc3 c6 4. Nf3 dxc4 5. e3 b5 6. a4 Bb4 7.
Bd2 Bxc3 8. Bxc3 Bb7 9. d5 Nf6 10. dxe6 Qxd1+ 11. Rxd1 fxe6 12. Nd4 Kf7 13. axb5
c5 14. Nf3 a6 {[%clk 0:00:38]} 15. Bxc4 axb5 16. Bxb5 Bc6 17. Bxc6 Nxc6 18. O-O
{[%clk 0:02:36]} Nd5 19. e4 Nf6 20. Bxf6 gxf6 21. Rd7+ Ke8 22. Rc7 Ne5 23. Nxe5
fxe5 24. Rxc5 Rb8 25. Rb1 Ke7 26. Rxe5 Rb4 27. f3 Rhb8 28. Rh5 Rxb2 29. Rxb2 Rxb2
{[%clk 0:00:06]} 30. Rxh7+ Kd6 31. Rh5 Rb1+ 32. Kf2 Rb3 33. Kg3 Ra3 34. Rg5 Ra8
35. h4 Rh8 36. h5 Rh6 37. Kg4 Ke7 38. Rg6 Rh8 39. g3 Kf7 40. Kg5 Rh7 41. g4 Rh8
42. f4 Rc8 43. f5 exf5 44. exf5 Rh8 45. Ra6 Rd8 46. Ra7+ Kg8 47. Kg6 Rd6+ 48. f6
{[%clk 0:02:03]} Rd8 {[%clk 0:00:06]} 49. h6 {[%clk 0:02:01]} Rf8
{[%clk 0:00:05]} 50. Rg7+ Kh8 51. Rh7+ {[%clk 0:01:55]} Kg8 {[%clk 0:00:07]} 52.
f7+ {[%clk 0:01:53]} 1-0

[Event "D14blitz"]
[Site "?"]
[Date "2020.08.27"]
[Round "13.7"]
[White "Obrochta, Lena"]
[Black "Bialek, Alicja"]
[Result "1-0"]
[BlackElo "1201"]
[WhiteElo "1517"]
[LiveChessVersion "1.4.4"]

1. e4 b6 2. d4 Bb7 3. Bd3 {[%clk 0:03:04]} g6 {[%clk 0:03:02]} 4. f4
{[%clk 0:03:05]} Bg7 {[%clk 0:03:03]} 5. Nf3 {[%clk 0:03:05]} e6 {[%clk 0:03:04]}
6. O-O {[%clk 0:03:03]} d5 {[%clk 0:02:41]} 7. e5 {[%clk 0:03:00]} Ne7
{[%clk 0:02:43]} 8. Be3 {[%clk 0:02:55]} O-O {[%clk 0:02:37]} 9. Nbd2
{[%clk 0:02:55]} Nd7 {[%clk 0:02:31]} 10. c3 {[%clk 0:02:52]} Rc8
{[%clk 0:02:32]} 11. Qe1 {[%clk 0:02:47]} c5 {[%clk 0:02:30]} 12. g4
{[%clk 0:02:38]} f6 {[%clk 0:02:09]} 13. Qg3 {[%clk 0:02:35]} fxe5
{[%clk 0:01:47]} 14. fxe5 {[%clk 0:02:33]} cxd4 {[%clk 0:01:33]} 15. cxd4
{[%clk 0:02:34]} Nc6 {[%clk 0:01:34]} 16. a3 {[%clk 0:02:21]} Na5
{[%clk 0:01:27]} 17. Rac1 {[%clk 0:02:00]} a6 {[%clk 0:00:55]} 18. Qh3
{[%clk 0:02:01]} Qe7 {[%clk 0:00:17]} 19. b4 {[%clk 0:02:01]} Nc6
{[%clk 0:00:11]} 20. Ng5 {[%clk 0:01:51]} h6 {[%clk 0:00:07]} 21. Bxg6
{[%clk 0:01:51]} 1-0